000
00305nam a2200121Ia 4500
005
20251222152625.0
008
251222s9999||||xx |||||||||||||| ||spa||
082
_a
632/T54
100
_a
Jiri Zahradník y Chavála, Milar
245
0
_a
Enciclopedia de la Ciencia Insectos
264
_b
Tikal
942
_c
LIB
999
_c
27508
_d
27508